What fruit is this? - Statistics

General Stats
  • This quiz has been taken 91 times
  • The average score is 21 of 23
Answer Stats
Picture Answer % Correct
Banana
100%
Strawberry
100%
Tomato
100%
Avocado
99%
Lemon
99%
Cherry
98%
Pineapple
98%
Lime
95%
Peach
95%
Blackberry
94%
Orange
94%
Kiwi
93%
Blueberry
91%
Coconut
91%
Grape
91%
Watermelon
91%
Raspberry
90%
Plum
88%
Mango
85%
Dragon fruit
81%
Papaya
79%
Apple
78%
Cantaloup
53%
No matching quizzes found
Score Distribution
Percent of People with Each Score
Percentile by Number Answered
Your Score History
You have not taken this quiz